[Event "Stay Safe Play From Home 349"]
[Site "Emanuel Lasker Arena"]
[Date "2020.08.02"]
[Round "1"]
[White "Mepe_Nika"]
[Black "Padmaesh M K"]
[Result "1-0"]
[WhiteElo "2379"]
[BlackElo "1880"]
[Annotator "TA"]
[PlyCount "47"]
[EventDate "2020.08.02"]
[EventType "swiss (blitz)"]

{[%evp 11,47,27,34,35,21,24,36,29,59,33,64,37,43,40,81,78,87,45,98,63,207,101,450,456,461,456,537,540,647,595,1036,1009,1313,1297,1260,1161,1225,1146]} 1. d4 Nf6 2. Bf4 d5 3. e3 Bf5 4. c4 e6 5. Nc3 c6 6. Nf3 Bb4 7. Qb3 {D02: 1 d4 d5 2 Nf3 sidelines, including 2...Nf6 3 g3 and 2...Nf6 3 Bf4.} Qa5 8. Be2 Nbd7 9. O-O {White is slightly better.} O-O {[#]} 10. Rac1 $146 (10. cxd5 {with more complications.} exd5 11. Rfc1 Nb6 12. a3 Bxc3 13. Rxc3 Ne4 14. Rcc1) ({Predecessor:} 10. a3 Bxc3 11. Qxc3 Qxc3 12. bxc3 Ne4 13. Rac1 Rad8 14. Bd3 Ndf6 15. Ne5 dxc4 16. Nxc4 {½-½ (26) Espinosa,C (1365)-Teyssier,C (1216) Prague 2016}) 10... Bxc3 11. Qxc3 (11. bxc3 {is interesting.} Qb6 12. Qa3 Qd8 13. Qb4 Qc8 14. Qb3) 11... Qxc3 12. Rxc3 Nb6 13. c5 Nbd7 14. b4 Rfc8 ({Black should try} 14... Ne4 $14 15. Rcc1 f6) 15. a4 b6 (15... a6 $14) 16. Rfc1 (16. Ba6 $18) 16... b5 $2 {[%mdl 8192] [#]} (16... Ne4 $16 {is a better chance.}) 17. axb5 $18 {White is clearly winning.} cxb5 18. Ra3 a6 19. Rca1 Nh5 20. Bd6 Rc6 {[#]} 21. Bxb5 $1 {[%mdl 576] Double Attack, Pin} Rcc8 (21... axb5 22. Rxa8+) 22. Bxd7 Rd8 23. Bc6 Rac8 24. Rxa6 {Accuracy: White = 50%, Black = 23%.} 1-0

[Event "Stay Safe Play From Home 349"]
[Site "Emanuel Lasker Arena"]
[Date "2020.08.02"]
[Round "1"]
[White "AChessPlayer"]
[Black "Haris kollari 13"]
[Result "1-0"]
[WhiteElo "2372"]
[BlackElo "1695"]
[Annotator "NA RC"]
[PlyCount "61"]
[EventDate "2020.08.02"]
[EventType "swiss (blitz)"]

1. Nf3 {[%emt 0:00:02]} d5 {[%emt 0:00:00]} 2. g3 {[%emt 0:00:00]} c5 {[%emt 0:00:01]} 3. Bg2 {[%emt 0:00:00]} Nc6 {[%emt 0:00:00]} 4. O-O {[%emt 0:00:00]} e5 {[%emt 0:00:01]} 5. d3 {[%emt 0:00:00]} f6 {[%emt 0:00:01]} 6. Nbd2 {[%emt 0:00:02]} Be6 {[%emt 0:00:01]} 7. c4 {[%emt 0:00:00]} d4 {[%emt 0:00:01]} 8. a3 {[%emt 0:00:01]} Qd7 {[%emt 0:00:01]} 9. Rb1 {[%emt 0:00:00]} Bd6 {[%emt 0:00:01]} 10. Ne1 {[%emt 0:00:00]} a5 {[%emt 0:00:02]} 11. Nc2 {[%emt 0:00:00]} Nge7 {[%emt 0:00:02]} 12. Ne4 {[%emt 0:00:00]} O-O {[%emt 0:00:03]} 13. e3 {[%emt 0:00:01]} Rad8 {[%emt 0:00:06]} 14. exd4 {[%emt 0:00:01]} Nxd4 {[%emt 0:00:05]} 15. Nxd4 {[%emt 0:00:01]} cxd4 {[%emt 0:00:01]} 16. b4 {[%emt 0:00:01]} axb4 {[%emt 0:00:01]} 17. axb4 {[%emt 0:00:00]} Bb8 {[%emt 0:00:03]} 18. Nc5 {[%emt 0:00:01]} Qc8 {[%emt 0:00:01]} 19. Bxb7 {[%emt 0:00:02]} Qc7 {[%emt 0:00:06]} 20. Nxe6 {[%emt 0:00:01]} Qxb7 {[%emt 0:00:01]} 21. Nxd8 {[%emt 0:00:01]} Rxd8 {[%emt 0:00:01]} 22. b5 {[%emt 0:00:01]} Nf5 {[%emt 0:00:03]} 23. Qg4 {[%emt 0:00:02]} Qd7 {[%emt 0:00:06]} 24. Ba3 {[%emt 0:00:02]} h6 {[%emt 0:00:02]} 25. Rfe1 {[%emt 0:00:01]} h5 {[%emt 0:00:02]} 26. Qh3 {[%emt 0:00:01]} g6 {[%emt 0:00:01]} 27. Bb4 {[%emt 0:00:01]} Kg7 {[%emt 0:00:01]} 28. c5 {[%emt 0:00:00]} Qd5 {[%emt 0:00:01]} 29. c6 {[%emt 0:00:01]} Qxb5 {[%emt 0:00:01]} 30. Bf8+ {[%emt 0:00:01]} Kxf8 {[%emt 0:00:02]} 31. Rxb5 {[%emt 0:00:00] Time (Lag: Av=0.52s, max=1.0s)} 1-0

[Event "Stay Safe Play From Home 349"]
[Site "Emanuel Lasker Arena"]
[Date "2020.08.02"]
[Round "1"]
[White "TheCHESSHOUSE"]
[Black "BrainThinker22"]
[Result "0-1"]
[WhiteElo "2143"]
[BlackElo "2401"]
[Annotator "NA RC"]
[PlyCount "152"]
[EventDate "2020.08.02"]
[EventType "swiss (blitz)"]

1. d4 {[%emt 0:00:03]} d5 {[%emt 0:00:01]} 2. c4 {[%emt 0:00:00]} e6 {[%emt 0:00:00]} 3. cxd5 {[%emt 0:00:00]} exd5 {[%emt 0:00:00]} 4. Nc3 {[%emt 0:00:01]} c5 {[%emt 0:00:00]} 5. Nf3 {[%emt 0:00:00]} Nc6 {[%emt 0:00:00]} 6. g3 {[%emt 0:00:01]} cxd4 {[%emt 0:00:00]} 7. Nxd4 {[%emt 0:00:00]} Qb6 {[%emt 0:00:00]} 8. Nb3 {[%emt 0:00:03]} d4 {[%emt 0:00:01]} 9. Nd5 {[%emt 0:00:01]} Qd8 {[%emt 0:00:00]} 10. Bg2 {[%emt 0:00:01]} Be6 {[%emt 0:00:00]} 11. Nf4 {[%emt 0:00:01]} Bb4+ {[%emt 0:00:01]} 12. Bd2 {[%emt 0:00:01]} Bxb3 {[%emt 0:00:00]} 13. axb3 {[%emt 0:00:03]} Bxd2+ {[%emt 0:00:00]} 14. Qxd2 {[%emt 0:00:00]} Nf6 {[%emt 0:00:00]} 15. O-O {[%emt 0:00:01]} O-O {[%emt 0:00:00]} 16. Rfd1 {[%emt 0:00:03]} Qb6 {[%emt 0:00:01]} 17. Ra3 {[%emt 0:00:03]} Rad8 {[%emt 0:00:01]} 18. h4 {[%emt 0:00:01]} Rfe8 {[%emt 0:00:01]} 19. Nd3 {[%emt 0:00:01]} Ne4 {[%emt 0:00:04]} 20. Qf4 {[%emt 0:00:01]} Nc5 {[%emt 0:00:02]} 21. Nxc5 {[%emt 0:00:06]} Qxc5 {[%emt 0:00:00]} 22. Raa1 {[%emt 0:00:02]} Qb6 {[%emt 0:00:02]} 23. Rd3 {[%emt 0:00:02]} Ne5 {[%emt 0:00:01]} 24. Rd2 {[%emt 0:00:03]} a6 {[%emt 0:00:02]} 25. Rad1 {[%emt 0:00:01]} Qxb3 {[%emt 0:00:02]} 26. Rxd4 {[%emt 0:00:01]} Rxd4 {[%emt 0:00:01]} 27. Qxd4 {[%emt 0:00:00]} Qb5 {[%emt 0:00:10]} 28. e3 {[%emt 0:00:01]} Nc6 {[%emt 0:00:02]} 29. Qd7 {[%emt 0:00:01]} Rf8 {[%emt 0:00:03]} 30. Rd2 {[%emt 0:00:01]} Ne5 {[%emt 0:00:01]} 31. Qxb5 {[%emt 0:00:02]} axb5 {[%emt 0:00:01]} 32. Bxb7 {[%emt 0:00:00]} Rb8 {[%emt 0:00:01]} 33. Be4 {[%emt 0:00:01]} f5 {[%emt 0:00:01]} 34. Bd5+ {[%emt 0:00:02]} Kf8 {[%emt 0:00:01]} 35. Kg2 {[%emt 0:00:00]} Ke7 {[%emt 0:00:01]} 36. Bb3 {[%emt 0:00:01]} g6 {[%emt 0:00:02]} 37. Rd5 {[%emt 0:00:01]} Kf6 {[%emt 0:00:01]} 38. Rd6+ {[%emt 0:00:01]} Kg7 {[%emt 0:00:01]} 39. Re6 {[%emt 0:00:01]} Nc4 {[%emt 0:00:02]} 40. Re7+ {[%emt 0:00:02]} Kf6 {[%emt 0:00:00]} 41. Rc7 {[%emt 0:00:00]} Nd2 {[%emt 0:00:01]} 42. Bd5 {[%emt 0:00:01]} Ke5 {[%emt 0:00:01]} 43. Bc6 {[%emt 0:00:01]} Kd6 {[%emt 0:00:00]} 44. Rb7 {[%emt 0:00:02]} Rxb7 {[%emt 0:00:01]} 45. Bxb7 {[%emt 0:00:00]} b4 {[%emt 0:00:00]} 46. Ba6 {[%emt 0:00:00]} Nb3 {[%emt 0:00:01]} 47. Bd3 {[%emt 0:00:00]} Nc5 {[%emt 0:00:00]} 48. Bc4 {[%emt 0:00:00]} Ke5 {[%emt 0:00:00]} 49. b3 {[%emt 0:00:00]} h6 {[%emt 0:00:00]} 50. f4+ {[%emt 0:00:00]} Kf6 {[%emt 0:00:01]} 51. Kf3 {[%emt 0:00:00]} g5 {[%emt 0:00:00]} 52. e4 {[%emt 0:00:00]} g4+ {[%emt 0:00:01]} 53. Ke3 {[%emt 0:00:00]} Nxe4 {[%emt 0:00:00]} 54. h5 {[%emt 0:00:00]} Nxg3 {[%emt 0:00:00]} 55. Bd5 {[%emt 0:00:00]} Nxh5 {[%emt 0:00:01]} 56. Kd4 {[%emt 0:00:00]} Ng7 {[%emt 0:00:00]} 57. Kc5 {[%emt 0:00:00]} Ne6+ {[%emt 0:00:00]} 58. Kxb4 {[%emt 0:00:00]} Nxf4 {[%emt 0:00:00]} 59. Bc6 {[%emt 0:00:00]} Ne6 {[%emt 0:00:00]} 60. Kb5 {[%emt 0:00:01]} Nd8 {[%emt 0:00:00]} 61. Kb6 {[%emt 0:00:00]} Nxc6 {[%emt 0:00:00]} 62. Kxc6 {[%emt 0:00:00]} g3 {[%emt 0:00:00]} 63. b4 {[%emt 0:00:00]} g2 {[%emt 0:00:00]} 64. b5 {[%emt 0:00:00]} g1=Q {[%emt 0:00:00]} 65. Kc7 {[%emt 0:00:00]} Qc5+ {[%emt 0:00:01]} 66. Kb7 {[%emt 0:00:00]} Qxb5+ {[%emt 0:00:00]} 67. Kc8 {[%emt 0:00:00]} Qe5 {[%emt 0:00:00]} 68. Kd8 {[%emt 0:00:00]} f4 {[%emt 0:00:00]} 69. Kd7 {[%emt 0:00:01]} f3 {[%emt 0:00:00]} 70. Kc8 {[%emt 0:00:00]} f2 {[%emt 0:00:00]} 71. Kd7 {[%emt 0:00:00]} Qe2 {[%emt 0:00:00]} 72. Kc6 {[%emt 0:00:00]} f1=Q {[%emt 0:00:00]} 73. Kd5 {[%emt 0:00:00]} Qfd1+ {[%emt 0:00:00]} 74. Kc5 {[%emt 0:00:00]} Qec2+ {[%emt 0:00:00]} 75. Kb4 {[%emt 0:00:00]} Qdb1+ {[%emt 0:00:00]} 76. Ka3 {[%emt 0:00:00]} Qca2# {[%emt 0:00:00] (Lag: Av=0.73s, max=1.4s)} 0-1

[Event "Stay Safe Play From Home 349"]
[Site "Emanuel Lasker Arena"]
[Date "2020.08.02"]
[Round "1"]
[White "SoulofWolf"]
[Black "NTBT_DHS"]
[Result "0-1"]
[WhiteElo "2021"]
[BlackElo "2581"]
[Annotator "TA"]
[PlyCount "108"]
[EventDate "2020.08.02"]
[EventType "swiss (blitz)"]

{[%evp 9,107,-25,-24,-30,0,-19,9,0,9,9,7,7,17,4,24,-7,-2,-53,33,22,33,-39,-38,-29,-17,-47,-43,-54,-47,-54,0,0,21,18,78,55,58,39,66,35,87,0,77,72,306,57,58,0,0,-86,-96,-157,-169,-185,-169,-206,-125,-123,-134,-226,-220,-232,-230,-195,-166,-212,-196,-726,-494,-488,-492,-816,-470,-889,-814,-916,-818,-1602,-1513,-1423,-1383,-1070,-742,-816,-738,-29985,-37,-29986,-29987,-29992,-29993,-29994,-29995,-29996,-29997,-29997,-29998,-29998,-29999,-29999]} 1. c4 Nf6 2. b3 g6 3. Bb2 Bg7 4. d4 O-O 5. Nd2 d6 6. e3 {[#] A15: English Opening: 1...Nf6.} c6 $146 ({Predecessor:} 6... Nbd7 7. Qc2 b6 8. Be2 c5 9. Bf3 Rb8 10. h4 Bb7 11. Bxb7 Rxb7 12. g4 Nxg4 13. Qe4 Nxf2 14. Kxf2 cxd4 15. exd4 Rc7 16. Ngf3 f5 17. Qe6+ {1-0 (17) Paulovic,M (1821)-Skrabanek,M (1680) Ricany 2016}) 7. Ne2 a5 {[%cal Ba7a5,Ba5a4,Ba4a3][%mdl 32]} 8. Ng3 {The position is equal.} a4 9. Bd3 a3 10. Bc3 Na6 11. O-O Re8 12. e4 e5 {Black wants to play ...Nd5!} 13. Re1 (13. Nf3 $11) 13... Nd7 (13... Bg4 $15 14. Nf3 exd4 15. Bxd4 Qa5) 14. Nf3 (14. d5 {seems wilder.} Nc7 15. Ne2 cxd5 16. cxd5 Nc5 17. Bc2) 14... exd4 15. Bxd4 (15. Nxd4 $14 h5 16. h3) 15... Ne5 $15 16. Nxe5 Bxe5 17. Bxe5 dxe5 18. Qc2 Nb4 {[%mdl 64] [#] Double Attack} 19. Qc3 $1 {[%cal Rc3b4]} Nxd3 (19... Qa5 $15) 20. Red1 $11 Be6 21. Rxd3 Qg5 (21... Qc7 $11) 22. Rad1 h5 23. Nf1 h4 24. h3 Kg7 (24... Red8 $14) 25. Qd2 ({White should play} 25. Nd2 $16) 25... Qe7 (25... Qxd2 $11 {keeps the balance.} 26. Nxd2 f5) 26. Ne3 $16 Qc5 $2 (26... Qf6 $16) 27. Nc2 $2 ({White has to play} 27. Rd6 $18) 27... b5 $14 28. Ne3 ({Better is} 28. cxb5 $14 cxb5 29. Ne1) 28... bxc4 $11 29. bxc4 {[#]} (29. Rc1 $11) 29... Reb8 $1 $17 30. Rc1 (30. Qc1 $142) 30... Rb2 31. Rc2 Rab8 32. Kh2 Qb4 33. Qxb4 R8xb4 34. Rdd2 (34. Rxa3 $17 Rxc2 35. Nxc2 Rxc4 36. Ne3 Rxe4 37. Ra6) 34... Rxc2 35. Rxc2 $19 {[%mdl 4096] Endgame KRB-KRN} Rb2 36. f3 Kf6 37. Kg1 Ke7 38. Kf2 $2 (38. Rc3) 38... Kd6 39. Ke2 Kc5 40. Kd2 (40. Kd3 $142 Rxc2 {[%mdl 64] Overworked Piece} 41. Nxc2 Bxc4+ {[%mdl 64] Double Attack} 42. Kd2) 40... Rxc2+ 41. Kxc2 (41. Nxc2 $142 Bxc4 42. Kc3) 41... Bxc4 {KB-KN} 42. Kb1 Kd4 43. Ng4 f5 44. exf5 gxf5 45. Nh6 Bf1 46. Nxf5+ Kc3 {Threatens to win with ...Bd3+.} 47. Nxh4 Bd3+ $2 (47... Kd2 {mates} 48. Ka1 c5 49. Nf5 c4 50. Nd6 c3 51. Ne4+ Kc2 52. h4 Bd3 53. Nxc3 Kxc3 54. h5 Kc2 55. g4 Kd2 56. g5 Kc2 57. g6 Bf5 58. g7 Bh7 59. h6 Bg8 60. f4 e4 61. h7 Bxh7 62. g8=B Bxg8 63. f5 e3 64. f6 e2 65. f7 e1=Q#) 48. Ka1 $2 {[%mdl 8192]} (48. Kc1 $15) 48... Kd2 {Black mates.} 49. g4 c5 50. g5 c4 51. Ng2 c3 52. Ne1 Kxe1 53. f4 c2 {[%cal Rc2c1]} 54. g6 c1=Q# {Accuracy: White = 45%, Black = 54%.} 0-1

[Event "Stay Safe Play From Home 349"]
[Site "Emanuel Lasker Arena"]
[Date "2020.08.02"]
[Round "1"]
[White "Ash7"]
[Black "Uber_WING"]
[Result "0-1"]
[WhiteElo "1832"]
[BlackElo "2385"]
[Annotator "TA"]
[PlyCount "36"]
[EventDate "2020.08.02"]
[EventType "swiss (blitz)"]

{[%evp 9,36,47,36,35,70,-21,0,0,83,0,104,104,100,103,122,110,115,4,14,-35,-8,-20,0,0,9,-6,-8,-20,-11]} 1. e4 Nc6 2. d4 d5 3. Nc3 dxe4 4. d5 Ne5 5. Bf4 Ng6 6. Bg3 $1 {aiming for Nb5. B00: Queen's Fianchetto Defence, Nimzowitsch Defence.} Nf6 7. f3 ({White should play} 7. Nb5 $1 $14 e5 8. dxe6) 7... exf3 8. Nxf3 {[#] Strongly threatening Nb5.} e6 $146 (8... c6 $11 {remains equal.}) ({Predecessor:} 8... Bd7 9. Bc4 c6 10. Ng5 cxd5 11. Nxf7 Kxf7 12. Nxd5 e6 13. Ne3 Bc6 14. Qe2 Bb4+ {1-0 (40) Pierantozzi,L-Barrett,M ICC INT 2009}) 9. dxe6 (9. Bb5+ $16 Bd7 10. dxe6 fxe6 11. Qd4) 9... Qxd1+ (9... Bxe6 $11 {keeps the balance.} 10. Qxd8+ Kxd8) 10. Rxd1 $16 {exf7+ is the strong threat.} Bxe6 {[#]} 11. Nb5 $1 {[%cal Rb5c7]} (11. Bxc7 $6 a6 $11) 11... Bd6 12. Bxd6 ({Don't do} 12. Nxd6+ cxd6 13. Bb5+ (13. Bxd6 O-O-O $11) (13. Rxd6 O-O $11) 13... Bd7 $14) (12. Nxc7+ $6 Bxc7 13. Bb5+ (13. Bxc7 O-O $15) 13... Bd7 $11) 12... cxd6 {[#]} 13. Nxd6+ ({White must play} 13. Nc7+ $1 $16 Kd7 14. Nxa8) 13... Ke7 $11 14. Nxb7 Rab8 15. Nc5 {The position is equal.} Rhc8 16. Nxe6 fxe6 17. Bd3 Rxb2 {With the idea ...Nf4.} 18. O-O Nf4 {[%mdl 32768] Accuracy: White = 56%, Black = 53%. . Loss on time!?} 0-1

[Event "Stay Safe Play From Home 349"]
[Site "Emanuel Lasker Arena"]
[Date "2020.08.02"]
[Round "1"]
[White "Edmatuag"]
[Black "little champs"]
[Result "0-1"]
[WhiteElo "1674"]
[BlackElo "2123"]
[Annotator "TA"]
[PlyCount "82"]
[EventDate "2020.08.02"]
[EventType "swiss (blitz)"]

{[%evp 9,82,-7,22,2,0,6,41,38,47,36,50,-331,-323,-329,-333,-744,-295,-300,-284,-344,-308,-408,-412,-432,-429,-425,-419,-432,-422,-437,-427,-429,-422,-839,-863,-863,-861,-862,-867,-1028,-1016,-1045,-1043,-1214,-1173,-1325,-1314,-1466,-1439,-1712,-1815,-1784,-1827,-2441,-2368,-29987,-29988,-29987,-29988,-29988,-29989,-29990,-29991,-29991,-29992,-29993,-29994,-29994,-29988,-29988,-29989,-29992,-29993,-29993,-29994]} 1. e4 c6 2. c3 d5 3. e5 Bf5 4. d4 e6 5. Qb3 b6 {[#]} 6. Be3 $146 {B12: Caro-Kann: Advance Variation.} ({Predecessor:} 6. Nd2 Ne7 7. Be2 Bg6 8. g4 Nd7 9. h4 h6 10. Ngf3 Rc8 11. c4 dxc4 12. Nxc4 Nd5 {0-1 (34) Frignani,A (1389)-Minore,A (1262) Robecchetto 2013}) 6... Nd7 7. Nd2 Rc8 8. Ngf3 {White is slightly better.} h6 9. Ba6 Rb8 {[#] ...b5 is the strong threat.} 10. Qa4 $2 {[%mdl 8192] This move loses the game for White.} (10. Be2 $14 {keeps the upper hand.}) 10... b5 $19 11. Bxb5 cxb5 12. Qxa7 $2 (12. Qd1) 12... Qb6 $2 (12... Qc8 13. Qa5 Bd3) 13. Qxb6 Nxb6 ({Don't take} 13... Rxb6 14. a3 $19) 14. Nb3 Nc4 15. Nfd2 Nxb2 16. Nc5 Bxc5 17. dxc5 Nc4 18. Nxc4 bxc4 ({Resist} 18... dxc4 19. a4 $19) 19. O-O Ne7 20. a4 Bd3 21. a5 (21. Rfc1 $142) 21... Bxf1 22. Kxf1 Kd7 23. a6 Nc6 24. a7 Ra8 25. f4 Rxa7 26. Rxa7+ Nxa7 27. g4 Kc6 28. Kf2 Nb5 29. Kf3 Nxc3 30. f5 Nb5 31. f6 gxf6 32. exf6 d4 {Black mates.} 33. Bd2 Kxc5 34. Bc1 c3 35. h4 Kc4 36. Ke2 d3+ 37. Kd1 d2 38. Bxd2 cxd2 39. Kxd2 Rg8 40. Ke3 Rxg4 41. Kf3 h5 {Accuracy: White = 40%, Black = 72%.} 0-1

[Event "Stay Safe Play From Home 349"]
[Site "Emanuel Lasker Arena"]
[Date "2020.08.02"]
[Round "1"]
[White "Trotsky"]
[Black "Stefanone"]
[Result "0-1"]
[WhiteElo "1598"]
[BlackElo "2005"]
[Annotator "TA"]
[PlyCount "64"]
[EventDate "2020.08.02"]
[EventType "swiss (blitz)"]

{[%evp 9,64,10,7,-18,-21,-27,0,-74,-35,-76,-38,-52,-29,-93,-30,-262,-145,-145,-165,-159,-155,-160,-136,-606,-212,-537,-391,-386,-262,-202,-212,-790,-346,-519,-519,-518,-497,-452,-340,-832,-828,-1170,-846,-29984,-1502,-6348,-6345,-6345,-865,-6337,-6337,-2432,-1425,-29992,-29993,-29993,-29994]} 1. d4 f5 2. e3 Nf6 3. c4 g6 4. Nc3 Bg7 5. Bd3 O-O 6. Qc2 {A85: Dutch Defence: 2 c4 Nf6 3 Nc3.} d6 7. Nf3 e6 {[#]} 8. Ng5 $146 (8. O-O $11) ({Predecessor:} 8. Bd2 b6 9. Ng5 h6 10. Nh3 g5 11. f3 Bb7 12. Rg1 Nbd7 13. O-O-O a6 14. Nf2 Qe7 15. Rde1 Qf7 16. h4 g4 17. fxg4 fxg4 18. Ref1 Qe7 19. g3 Bf3 {0-1 (19) Tamas,G (1741)-Rauscher,E (1385) Balatonlelle 2005}) 8... Qe7 9. h4 Nc6 10. a3 h6 11. Bd2 (11. Nf3 $11) 11... e5 (11... hxg5 $17 12. hxg5 Nd7) 12. O-O-O $2 (12. Nd5 $11 {and White has nothing to worry.} Qd8 13. Nh3) 12... e4 ({Don't do} 12... exd4 13. Nd5 $17) ({Black should play} 12... hxg5 $19 13. Nd5 Qf7 14. Nxf6+ Bxf6 15. hxg5 Bxg5) 13. Be2 $17 hxg5 14. hxg5 Ng4 $1 {[%cal Rg4f2]} 15. Rdf1 Qxg5 16. f3 $2 {[%mdl 8192] This move loses the game for White.} (16. c5 $17) 16... exf3 $2 (16... Nxe3 17. Nd5 Nxc2 18. Bxg5 N2xd4) 17. e4 $2 (17. Bxf3 {was the crucial defense.} Nd8 18. Qd3) 17... f4 18. gxf3 Ne3 19. Bxe3 fxe3 20. Rh2 $2 (20. Rfg1 Qf4 21. Rxg6 Nxd4 {[%mdl 64] Double Attack} 22. Qd1 Nxe2+ 23. Qxe2) 20... Qf6 (20... Nxd4 $142 21. Qd1 Rxf3 $1 {[%mdl 512]} 22. Rxf3 Nxf3) 21. d5 (21. Nd5 $142 Qg5 22. Qd1 Nxd4 23. f4) 21... Nd4 $19 22. Qd3 Nxe2+ 23. Qxe2 a6 24. e5 $2 (24. Qxe3 Bg4 25. Rff2) 24... Qxe5 25. Ne4 Bf5 26. Qd3 Rae8 (26... Qxh2 $142 27. Qxe3 Qxb2+ 28. Kd1 Bxe4 29. Rf2 Qb1+ 30. Ke2 Bf5 31. f4 {[#]} Rae8 $1 {[%mdl 512]} 32. Rf3 Bd4 {[%mdl 64] Pin} 33. c5 Qd3+ {[%mdl 64] Double Attack, Pin} 34. Kf2 Rxe3 35. Kg2 Rxf3 36. cxd6 Rf2+ 37. Kh1 Qf1#) 27. Rfh1 Bxe4 28. fxe4 Qxe4 29. Qe2 {[#]} Rf2 $1 30. Rxf2 Qxh1+ 31. Kc2 Qe4+ 32. Kb3 exf2 {Accuracy: White = 22%, Black = 28%.} 0-1

[Event "Stay Safe Play From Home 349"]
[Site "Emanuel Lasker Arena"]
[Date "2020.08.02"]
[Round "2"]
[White "NTBT_DHS"]
[Black "BrainThinker22"]
[Result "0-1"]
[WhiteElo "2583"]
[BlackElo "2408"]
[Annotator "NA"]
[PlyCount "118"]
[EventDate "2020.08.02"]
[EventType "swiss (blitz)"]

1. d4 {[%emt 0:00:02]} d5 {[%emt 0:00:01]} 2. Nc3 {[%emt 0:00:00]} c6 {[%emt 0:00:01]} 3. Bf4 {[%emt 0:00:01]} Bf5 {[%emt 0:00:01]} 4. f3 {[%emt 0:00:01]} e6 {[%emt 0:00:01]} 5. e4 {[%emt 0:00:00]} dxe4 {[%emt 0:00:01]} 6. fxe4 {[%emt 0:00:00]} Bg6 {[%emt 0:00:00]} 7. Nf3 {[%emt 0:00:00]} Nf6 {[%emt 0:00:00]} 8. Bd3 {[%emt 0:00:01]} Be7 {[%emt 0:00:00]} 9. Qe2 {[%emt 0:00:00]} Nbd7 {[%emt 0:00:01]} 10. O-O-O {[%emt 0:00:00]} O-O {[%emt 0:00:00]} 11. h4 {[%emt 0:00:00]} h6 {[%emt 0:00:01]} 12. Ne5 {[%emt 0:00:01]} Nxe5 {[%emt 0:00:01]} 13. dxe5 {[%emt 0:00:01]} Nh5 {[%emt 0:00:01]} 14. Bh2 {[%emt 0:00:02]} Bxh4 {[%emt 0:00:05]} 15. Kb1 {[%emt 0:00:00]} Qg5 {[%emt 0:00:01]} 16. g4 {[%emt 0:00:04]} Ng3 {[%emt 0:00:02]} 17. Bxg3 {[%emt 0:00:01]} Bxg3 {[%emt 0:00:00]} 18. Bc4 {[%emt 0:00:04]} Bxe5 {[%emt 0:00:01]} 19. Rd7 {[%emt 0:00:02]} Bxc3 {[%emt 0:00:01]} 20. bxc3 {[%emt 0:00:00]} Qe5 {[%emt 0:00:02]} 21. Rxb7 {[%emt 0:00:03]} Qxe4 {[%emt 0:00:00]} 22. Qxe4 {[%emt 0:00:01]} Bxe4 {[%emt 0:00:00]} 23. Re1 {[%emt 0:00:01]} Rab8 {[%emt 0:00:00]} 24. Rb3 {[%emt 0:00:03]} Bd5 {[%emt 0:00:01]} 25. Bxd5 {[%emt 0:00:01]} cxd5 {[%emt 0:00:00]} 26. Kb2 {[%emt 0:00:00]} Rxb3+ {[%emt 0:00:01]} 27. axb3 {[%emt 0:00:01]} Rc8 {[%emt 0:00:01]} 28. Ra1 {[%emt 0:00:00]} Rc7 {[%emt 0:00:00]} 29. Ra6 {[%emt 0:00:01]} Kf8 {[%emt 0:00:01]} 30. b4 {[%emt 0:00:01]} Ke7 {[%emt 0:00:01]} 31. Kb3 {[%emt 0:00:00]} f5 {[%emt 0:00:01]} 32. gxf5 {[%emt 0:00:02]} exf5 {[%emt 0:00:00]} 33. b5 {[%emt 0:00:02]} Kf7 {[%emt 0:00:04]} 34. Rd6 {[%emt 0:00:01]} g5 {[%emt 0:00:02]} 35. Rxd5 {[%emt 0:00:01]} Kg6 {[%emt 0:00:01]} 36. c4 {[%emt 0:00:00]} g4 {[%emt 0:00:01]} 37. c5 {[%emt 0:00:01]} g3 {[%emt 0:00:00]} 38. c6 {[%emt 0:00:01]} g2 {[%emt 0:00:05]} 39. Rd8 {[%emt 0:00:02]} g1=Q {[%emt 0:00:02]} 40. Rg8+ {[%emt 0:00:01]} Rg7 {[%emt 0:00:00]} 41. Rd8 {[%emt 0:00:03]} Qc5 {[%emt 0:00:02]} 42. c4 {[%emt 0:00:02]} f4 {[%emt 0:00:01]} 43. Rd5 {[%emt 0:00:02]} Qe3+ {[%emt 0:00:02]} 44. Kb4 {[%emt 0:00:01]} f3 {[%emt 0:00:00]} 45. Rd6+ {[%emt 0:00:01]} Kh7 {[%emt 0:00:01]} 46. Rd5 {[%emt 0:00:00]} Qe7+ {[%emt 0:00:01]} 47. c5 {[%emt 0:00:01]} f2 {[%emt 0:00:00]} 48. Rd7 {[%emt 0:00:01]} Qxd7 {[%emt 0:00:01]} 49. cxd7 {[%emt 0:00:00]} Rxd7 {[%emt 0:00:00]} 50. c6 {[%emt 0:00:00]} Rc7 {[%emt 0:00:01]} 51. Kc5 {[%emt 0:00:00]} f1=Q {[%emt 0:00:00]} 52. Kd6 {[%emt 0:00:00]} Qxb5 {[%emt 0:00:02]} 53. Kxc7 {[%emt 0:00:01]} Qb6+ {[%emt 0:00:01]} 54. Kd7 {[%emt 0:00:01]} a5 {[%emt 0:00:00]} 55. c7 {[%emt 0:00:00]} Qxc7+ {[%emt 0:00:00]} 56. Kxc7 {[%emt 0:00:00]} a4 {[%emt 0:00:00]} 57. Kd6 {[%emt 0:00:00]} a3 {[%emt 0:00:00]} 58. Ke5 {[%emt 0:00:00]} a2 {[%emt 0:00:00]} 59. Kf4 {[%emt 0:00:00]} a1=Q {[%emt 0:00:00] Time (Lag: Av=0.67s, max=1.0s)} 0-1

[Event "Stay Safe Play From Home 349"]
[Site "Emanuel Lasker Arena"]
[Date "2020.08.02"]
[Round "2"]
[White "SelamiSahin"]
[Black "Edmatuag"]
[Result "1-0"]
[WhiteElo "2160"]
[BlackElo "1671"]
[Annotator "TA"]
[PlyCount "53"]
[EventDate "2020.08.02"]
[EventType "swiss (blitz)"]

{[%evp 16,53,12,0,28,18,62,50,52,58,62,0,49,27,37,43,78,21,270,0,0,0,77,71,132,147,131,85,195,194,233,233,208,164,200,144,147,99,90,97]} 1. d4 d5 2. c4 e6 3. Nc3 Nf6 4. Nf3 c6 5. Bg5 Nbd7 6. e3 Bb4 7. Qc2 Qa5 8. Bxf6 Nxf6 9. Nd2 Bxc3 {D52: Queen's Gambit Declined: Cambridge Springs Variation.} 10. bxc3 b5 {[#]} 11. cxb5 $146 ({Predecessor:} 11. c5 Qc7 12. f4 a5 13. Bd3 Ng4 14. Ke2 f5 15. Rab1 a4 16. Nf3 Bd7 17. Rbg1 {1-0 (38) Lorbek,R (2240)-Trivuncevic,B ICCF email 1997}) 11... cxb5 {White is slightly better.} 12. Nb3 Qb6 13. Nc5 (13. Bd3 $14) 13... Bd7 14. Rb1 a6 $1 15. a4 Bc6 {[#]} 16. axb5 (16. Nxa6 $1 $16 {[%cal Ra4b5][%mdl 512]} Qxa6 (16... Rxa6 17. axb5) 17. axb5) 16... Bxb5 $2 {[#]} (16... axb5 $11 {and Black is okay.} 17. Bd3 O-O) 17. Bxb5+ $2 ({Only move:} 17. Nxa6 $1 $18 {[%mdl 512]} O-O (17... Rxa6 18. Bxb5+) 18. Bxb5 Rxa6 19. Bxa6 Qxa6 20. f3) 17... axb5 $11 18. Qd3 Rb8 (18... Ra5 $11) 19. O-O $16 Nd7 (19... Qc6 $142) 20. Nxd7 Kxd7 21. Rb4 Rhc8 (21... Qc6 $16) 22. Qxh7 $18 Rxc3 23. Qxg7 Ke7 24. Rfb1 Qc6 25. Qg5+ Kf8 {( -> ...Rc1+)} 26. h4 Rc1+ 27. Kh2 {Accuracy: White = 53%, Black = 29%.} 1-0